[Event "AUTO-ADV-1987"]
[Site "http://www.queenalice.com/game.php?id=864696"]
[Date "2010.11.28"]
[Round "1"]
[White "KingHermano"]
[Black "berilag"]
[Result "0-1"]
[WhiteElo "1962"]
[BlackElo "1932"]

1. e4 e6 2. d4 c6 3. a3 Qa5+ 4. Bd2 Qc7 5. g3 d6 6. Bg2 Nd7 7. Nc3 h6 8. Nh3 Qb6
9. d5 e5 10. dxc6 bxc6 11. Na4 Qb5 12. b3 Ngf6 13. c4 Qb7 14. O-O Nc5 15. Nxc5
dxc5 16. Bc3 Bxh3 17. Bxh3 Rd8 18. Qc2 Qc7 19. f4 Bd6 20. Rad1 O-O 21. f5 Be7
22. Rxd8 Rxd8 23. Qe2 Qd6 24. Bg4 Rb8 25. Rd1 Qc7 26. Rb1 a5 27. Bf3 a4 28. Qb2
Rxb3 29. Qa1 Bd6 30. Rxb3 axb3 31. a4 Nd7 32. a5 Qa7 33. Kf2 f6 34. Qa3 Bc7 35.
Qxb3 Bxa5 36. Qa4 Bb6 37. Qxc6 Nf8 38. g4 Qa2+ 39. Be2 Qa7 40. h4 Kh7 41. Qd6
Kg8 42. Bd2 Qc7 43. Qd5+ Kh7 44. g5 hxg5 45. hxg5 Qe7 46. gxf6 Qxf6 47. Kg3 g6
48. Qb7+ Kh8 49. Bh6 Bd8 50. Bxf8 Qxf8 51. fxg6 Qf4+ 52. Kg2 Qg5+ 53. Kf3 Qxg6
54. Qb8 Qf6+ 55. Ke3 Kg7 56. Qa7+ Be7 57. Qc7 Kg6 58. Kd3 Kg5 59. Qd7 Kg6 60.
Bg4 Qf1+ 61. Be2 Qb1+ 62. Kc3 Qa1+ 63. Kd3 Qa3+ 64. Kc2 Qa2+ 65. Kd3 Qb3+ 66.
Kd2 Bg5+ 67. Ke1 Qb1+ 68. Kf2 Bh4+ 69. Ke3 Qc1+ 70. Kd3 Qb1+ 71. Ke3 Qg1+ 72.
Kd3 Qb1+ 73. Ke3 Bg5+ 74. Kf2 Bh4+ 75. Ke3 Qc1+ 76. Kd3 Qa3+ 77. Kc2 Qa2+ 78.
Kd3 Qb3+ 79. Kd2 Bg5+ 80. Ke1 Qg3+ 81. Kd1 Qg1+ 82. Kc2 Qc1+ 83. Kb3 Qb1+ 84.
Kc3 Qe1+ 85. Kb3 Qxe2 86. Qf5+ Kh6 87. Qe6+ Kh5 88. Qh3+ Bh4 89. Qf5+ Kh6 90.
Qe6+ Kh7 91. Qf7+ Kh8 92. Qf8+ Kh7 93. Qf7+ Kh6 94. Qe6+ Kg7 95. Qd7+ Kf8 96.
Qf5+ Ke8 97. Qg6+ Kd7 98. Qh7+ Be7 99. Qf5+ Kd6 100. Qg6+ Kc7 101. Qh7 Qd3+ 102.
Kb2 Qd2+ 103. Kb3 Qb4+ 104. Ka2 Qxc4+ 105. Ka1 Qa4+ 106. Kb2 Qb4+ 107. Kc1 c4
108. Qg7 Qc5 109. Qg3 Qa3+ 110. Qxa3 Bxa3+ 111. Kc2 Bb4 112. Kb2 Kd6 113. Kc2
Kc5 114. Kb2 Kd4 115. Kc2 Kxe4 116. Kb2 Kd3 117. Kc1 e4 118. Kd1 e3 119. Kc1 e2
120. Kb2 e1=Q 121. Ka2 Qd2+ 122. Ka1 c3 0-1

[Event "AUTO-MASTER-1441"]
[Site "http://www.queenalice.com/game.php?id=956344"]
[Date "2011.7.3"]
[Round "1"]
[White "trolldetroy"]
[Black "berilag"]
[Result "1-0"]
[WhiteElo "1980"]
[BlackElo "2045"]

1. e4 e6 2. f4 c6 3. d4 Qc7 4. Nf3 d6 5. c3 h6 6. Bd3 Nd7 7. O-O Ngf6 8. Qe2 Be7
9. Na3 a6 10. e5 dxe5 11. dxe5 Nd5 12. h3 b5 13. Nc2 Bb7 14. Nfd4 c5 15. Nf3 Qb6
16. Be4 c4+ 17. Kh1 Nc5 18. Bxd5 Bxd5 19. Be3 Qc7 20. Nb4 Ne4 21. Bf2 Bxb4 22.
cxb4 c3 23. a4 cxb2 24. Qxb2 O-O 25. Rac1 Bc4 26. a5 Qb7 27. Rfe1 Rad8 28. Kh2
Rd7 29. Rcd1 Rfd8 30. Rxd7 Rxd7 31. Bd4 Bd5 32. Rc1 Bc4 33. Qc2 g5 34. fxg5 hxg5
35. Re1 Bd5 36. Qc1 Rc7 37. Qe3 Rc2 38. Rg1 Kf8 39. Nxg5 Nxg5 40. Qxg5 Rc4 41.
Bc5+ Rxc5 42. bxc5 Qc7 43. Rc1 Qxa5 44. c6 Qc7 45. Qe3 Kg8 46. h4 b4 47. h5 b3
48. Qg3+ Kh7 49. Rf1 Bxc6 50. h6 Kxh6 51. Rf6+ Kh7 52. Qg5 Qxe5+ 53. Qxe5 Kg8
54. Qh5 Be8 55. Rh6 Kf8 56. Qg5 f5 57. Qf6+ 1-0

[Event "AUTO-MASTER-1441"]
[Site "http://www.queenalice.com/game.php?id=956345"]
[Date "2011.7.3"]
[Round "1"]
[White "berilag"]
[Black "trolldetroy"]
[Result "1-0"]
[WhiteElo "2035"]
[BlackElo "1994"]

1. e4 e5 2. Qh5 Nc6 3. Bc4 Qf6 4. c3 d6 5. h3 a6 6. d3 Qg6 7. Qf3 Nf6 8. Bb3 Be6
9. Bc2 O-O-O 10. Nd2 d5 11. Ne2 dxe4 12. dxe4 Bd6 13. Ng3 h5 14. b4 Na7 15. a4
c6 16. Qe3 Kb8 17. Bd3 Rd7 18. Nf3 h4 19. Nf5 Qxg2 20. Rh2 Qg6 21. Ng5 Nh5 22.
Nxh4 Nf4 23. Nxg6 Rxh3 24. Nxh3 Bxb4 25. Ngxf4 Bxc3+ 26. Ke2 Bxa1 27. Nxe6 fxe6
28. Ng5 Bd4 29. Rh8+ Nc8 30. Qf3 b5 31. Nxe6 Kb7 32. axb5 axb5 33. Nxd4 exd4 34.
Qf5 Nb6 35. e5 Re7 36. f4 Nd5 37. Qc8+ Kb6 38. Qb8+ Kc5 39. Qd6+ Kb6 40. Rb8+
Rb7 41. Rxb7+ Kxb7 42. Bxb5 Nc3+ 43. Kd3 Nxb5 44. Qd7+ Kb6 45. Qxg7 Kc5 46. e6
1-0

[Event "AUTO-MASTER-1441"]
[Site "http://www.queenalice.com/game.php?id=956352"]
[Date "2011.7.3"]
[Round "1"]
[White "tariann"]
[Black "berilag"]
[Result "0-1"]
[WhiteElo "2104"]
[BlackElo "1949"]

1. e4 e6 2. d4 c6 3. c4 Qc7 4. Nc3 d6 5. Nf3 Nd7 6. Be2 h6 7. O-O Ngf6 8. Bf4 e5
9. dxe5 dxe5 10. Bg3 Be7 11. Nh4 g6 12. Qd2 Bb4 13. f4 Nxe4 14. Qe3 Bc5 0-1

[Event "AUTO-MASTER-1441"]
[Site "http://www.queenalice.com/game.php?id=956353"]
[Date "2011.7.3"]
[Round "1"]
[White "berilag"]
[Black "tariann"]
[Result "1/2-1/2"]
[WhiteElo "2027"]
[BlackElo "2050"]

1. e4 e6 2. c3 d5 3. e5 c5 4. d3 Nc6 5. Nf3 Qc7 6. Qe2 f6 7. Bf4 fxe5 8. Nxe5
Nxe5 9. Bxe5 Qf7 10. Nd2 Nf6 11. h3 Be7 12. Nf3 O-O 13. a3 Bd7 14. Qc2 Nh5 15.
Be2 Nf4 16. O-O Qg6 17. Bxf4 Rxf4 18. Ne5 Qe8 19. g3 Rf5 20. d4 cxd4 21. cxd4
Ba4 22. b3 Rc8 23. Qb2 Bc6 24. Bg4 Rf6 25. Rac1 Bd6 26. Rfe1 Bxe5 27. Rxe5 Qf7
28. Rce1 Bd7 29. Qe2 Rc6 30. f4 Qg6 31. Qf3 Qc2 32. R5e2 Qc3 33. Qe3 Qxe3+ 34.
Rxe3 g6 35. Be2 Rc2 36. Kg2 Rf8 37. Kf3 Rfc8 38. a4 R2c3 39. Bd1 Kf7 40. g4
Rxe3+ 41. Rxe3 Rc1 42. Be2 h6 43. h4 Kf6 44. g5+ hxg5 45. hxg5+ Kf7 46. Kf2 Rc2
47. Kf3 a6 48. Bd1 Rd2 49. Be2 Rxd4 50. Rc3 Bc6 51. Bxa6 bxa6 52. Rxc6 Rd3+ 53.
Ke2 Rxb3 54. Rxa6 Rb7 55. Ra8 Rc7 56. a5 Rc4 57. Kf3 Ra4 58. a6 Ra3+ 59. Ke2 Ra4
60. Ke3 Ra3+ 61. Ke2 Ra2+ 62. Ke3 Ra3+ 63. Ke2 1/2-1/2

[Event "AUTO-MASTER-1441"]
[Site "http://www.queenalice.com/game.php?id=994499"]
[Date "2011.10.7"]
[Round "2"]
[White "boydelta"]
[Black "berilag"]
[Result "1-0"]
[WhiteElo "2383"]
[BlackElo "1996"]

1. e4 e6 2. d4 c6 3. Nf3 Qc7 4. Be2 d6 5. c4 Nd7 6. O-O h6 7. Nc3 Ngf6 8. Rb1 a6
9. b4 b6 10. a3 Bb7 11. Bf4 e5 12. Bg3 g6 13. dxe5 dxe5 14. h3 Bg7 15. c5 bxc5
16. bxc5 O-O 17. Qd6 Qxd6 18. cxd6 Rab8 19. Nxe5 Nxe5 20. Bxe5 Nd7 21. Bxg7 Kxg7
22. f4 f6 23. Bc4 c5 24. Rfe1 Rfe8 25. a4 Bc6 26. Rxb8 Nxb8 27. e5 fxe5 28. fxe5
Nd7 29. e6 Nb6 30. Bxa6 g5 31. a5 Nc8 32. d7 Nd6 33. Rd1 Bxd7 34. exd7 Kf7 35.
Rxd6 Rd8 36. Bb5 Ke7 37. Rxh6 Rxd7 38. Rh7+ Kd6 39. Rxd7+ Ke5 40. g3 Ke6 41. a6
c4 42. a7 Ke5 43. a8=Q g4 44. Qc6 gxh3 45. Rd5# 1-0

[Event "AUTO-MASTER-1441"]
[Site "http://www.queenalice.com/game.php?id=994505"]
[Date "2011.10.7"]
[Round "2"]
[White "berilag"]
[Black "tariann"]
[Result "0-1"]
[WhiteElo "2017"]
[BlackElo "2056"]

1. e4 e5 2. Qh5 Nc6 3. Bc4 g6 4. Qf3 Nf6 5. c3 Bg7 6. d3 O-O 7. Be3 d6 8. Bb3
Bg4 9. Qg3 Qd7 10. h3 Be6 11. Bd1 d5 12. Bc2 d4 13. Bg5 Rad8 14. a3 dxc3 15.
bxc3 h6 16. Bxf6 Bxf6 17. Ne2 Na5 18. Nd2 c5 19. c4 Nxc4 20. Nxc4 Bxc4 21. Rd1
Bb5 22. Nc3 Bc6 23. Bb3 Kh7 24. Qf3 Bg7 25. O-O Qd4 26. Ne2 Qb2 27. Bc4 a6 28.
Ra1 b5 29. Rfb1 Qd2 30. Ra2 Qg5 31. Bd5 Bxd5 32. exd5 Qe7 33. Ng3 Qd6 34. Re2
Qxd5 35. Rd1 Qxf3 36. gxf3 Rd4 37. Re4 Rfd8 38. Rxd4 Rxd4 39. Ne2 Rd6 40. Kg2 c4
41. Nc3 Rxd3 42. Rxd3 cxd3 43. Kf1 Bf8 44. a4 bxa4 45. Nxa4 Bb4 46. Nb6 a5 47.
Na4 Kg7 48. Nb2 d2 49. Ke2 Kf6 50. Kd3 Kf5 51. Ke3 a4 52. Ke2 a3 53. Nd3 Bc3 54.
Kd1 a2 55. Kc2 a1=Q 0-1

[Event "AUTO-MASTER-1441"]
[Site "http://www.queenalice.com/game.php?id=994507"]
[Date "2011.10.7"]
[Round "2"]
[White "berilag"]
[Black "yoda77"]
[Result "0-1"]
[WhiteElo "2003"]
[BlackElo "2234"]

1. e4 e5 2. Qh5 Nc6 3. Bc4 g6 4. Qf3 Nf6 5. c3 Be7 6. d3 O-O 7. Bh6 Re8 8. Nd2
Na5 9. Bb5 a6 10. Ba4 b5 11. Bc2 c5 12. Ne2 d5 13. h3 c4 14. O-O cxd3 15. Bxd3
Nc4 16. Bxc4 bxc4 17. Rfd1 Bb7 18. Ng3 Qc7 19. Re1 Nxe4 20. Ngxe4 dxe4 21. Nxe4
f5 22. Rad1 a5 23. Rd2 Rab8 24. g4 fxe4 25. Rxe4 Qc6 26. Rde2 g5 27. Qe3 Qxe4
28. Qxe4 Bxe4 29. Rxe4 Rb6 30. Bxg5 Bxg5 31. Rxc4 Rxb2 32. Ra4 Rf8 33. Rxa5
Rfxf2 34. Ra8+ Kf7 35. Ra7+ Ke6 36. a4 Be3 37. Ra6+ Kd7 38. Ra5 Rb1# 0-1

[Event "AUTO-MASTER-1441"]
[Site "http://www.queenalice.com/game.php?id=994508"]
[Date "2011.10.7"]
[Round "2"]
[White "yoda77"]
[Black "berilag"]
[Result "1-0"]
[WhiteElo "2212"]
[BlackElo "2026"]

1. e4 e6 2. d4 c6 3. Nc3 Qc7 4. Bd3 h6 5. e5 d6 6. Qe2 Nd7 7. f4 a6 8. Nf3 b5 9.
f5 Be7 10. fxe6 fxe6 11. Bf4 Nf8 12. Ne4 d5 13. Nd6+ Bxd6 14. exd6 Qf7 15. Bd2
Nd7 16. O-O Qh5 17. Qxe6+ Kd8 18. Ba5+ 1-0

[Event "AUTO-MASTER-1659"]
[Site "http://www.queenalice.com/game.php?id=1063471"]
[Date "2012.5.24"]
[Round "1"]
[White "berilag"]
[Black "animis"]
[Result "0-1"]
[WhiteElo "1947"]
[BlackElo "1950"]

1. d4 d5 2. e3 Nf6 3. h3 e6 4. a3 Bd6 5. Nc3 a6 6. Nf3 c5 7. b3 Nc6 8. Bb2 Bd7
9. Na4 Ne4 10. Bd3 b5 11. Nxc5 Nxc5 12. dxc5 Bxc5 13. b4 Bf8 14. Ne5 Nxe5 15.
Bxe5 Rc8 16. O-O Bc6 17. Qg4 f5 18. Qg3 Qd7 19. f3 Rg8 20. f4 Be7 21. Rf2 Qb7
22. c3 Kd7 23. Be2 Rcf8 24. Bf3 g5 25. Qh2 g4 26. hxg4 fxg4 27. Qxh7 gxf3 28.
Raa2 d4 29. Bxd4 fxg2 30. Bc5 Ke8 31. Qh5+ Rf7 32. f5 Rg5 33. Qh8+ Rf8 34. Qe5
Rgxf5 35. Rxf5 Rxf5 36. Qh8+ Rf8 37. Qh5+ Rf7 38. Bd4 Bf3 39. Qg6 Be4 40. Qg8+
Bf8 41. Ra1 Bh7 42. Qg4 Rf1+ 43. Rxf1 gxf1=Q+ 44. Kxf1 Qh1+ 45. Kf2 Bf5 46. Qg3
Kd7 47. Bb6 Qc6 48. Qb8 Qc8 49. Qe5 Qb7 50. Qd4+ Qd5 51. Qh4 Be7 52. Qg3 e5 53.
Qg7 Be6 54. Bc5 Bf7 55. Qg4+ Qe6 56. Qe4 Bd8 57. Qd3+ Ke8 58. e4 Bh4+ 59. Kg2
Qg4+ 60. Kh1 Bc4 61. Qe3 Bf1 62. Qg1 Qxe4+ 63. Kh2 Bc4 64. Be3 Qc2+ 65. Kh3 Bf6
66. Qg4 Bf1+ 67. Kg3 Qg2# 0-1

[Event "AUTO-MASTER-1659"]
[Site "http://www.queenalice.com/game.php?id=1063472"]
[Date "2012.5.24"]
[Round "1"]
[White "animis"]
[Black "berilag"]
[Result "1-0"]
[WhiteElo "1959"]
[BlackElo "1931"]

1. d4 e6 2. e4 c6 3. Nf3 Qc7 4. Bd3 d6 5. c4 Nd7 6. Nc3 a6 7. O-O h6 8. Bf4 e5
9. Bg3 Ngf6 10. Bc2 g6 11. Rc1 Bg7 12. Re1 Nh5 13. Bh4 Nf4 14. Bg3 g5 15. h3 O-O
16. Bh2 Nb6 17. Bb3 Bd7 18. Ne2 Nxe2+ 19. Rxe2 Rae8 20. Qd3 Qd8 21. Rd1 Qe7 22.
a4 Kh8 23. a5 Nc8 24. dxe5 Be6 25. exd6 Qd7 26. Bc2 g4 27. e5 f5 28. exf6 Bxf6
29. Ne5 Qg7 30. Ng6+ Kg8 31. Nxf8 Kxf8 32. Rde1 Bd7 33. Rxe8+ Bxe8 34. hxg4 Qxg4
35. Re4 Qd7 36. Qf3 Kg7 37. Rg4+ Bg5 38. Qc3+ Kg8 39. Qd4 Bh5 40. Rg3 Qe6 41.
Qe4 Qxe4 42. Bxe4 Nxd6 43. Rxg5+ hxg5 44. Bxd6 Bg4 45. f3 Be6 46. b3 Kf7 47. Kf2
g4 48. Ke3 gxf3 49. gxf3 Bc8 50. Kd4 Ke6 51. Bc7 Bd7 52. Kc5 Ke7 53. Kb6 Bc8 54.
b4 Ke8 55. b5 axb5 56. cxb5 cxb5 57. Bxb7 Bxb7 58. Kxb7 b4 59. a6 b3 60. Be5 Kd7
61. a7 Ke6 62. Bb2 Kf5 63. a8=Q Kf4 64. Kb6 1-0

[Event "AUTO-MASTER-1659"]
[Site "http://www.queenalice.com/game.php?id=1063473"]
[Date "2012.5.24"]
[Round "1"]
[White "berilag"]
[Black "Bruscato"]
[Result "0-1"]
[WhiteElo "1952"]
[BlackElo "2220"]

1. d4 Nf6 2. e3 d5 3. h3 Nc6 4. a3 e5 5. Ne2 Bd6 6. Nbc3 e4 7. g3 O-O 8. Bg2 Be6
9. O-O Qd7 10. Kh2 Ne7 11. Nf4 Bxf4 12. exf4 Nf5 13. Ne2 Qd6 14. c3 b6 15. b4 c5
16. Be3 cxb4 17. axb4 a5 18. bxa5 Rxa5 19. Qb3 Rfa8 20. Rxa5 bxa5 21. Ra1 Qa6
22. Bf1 Nxe3 23. fxe3 a4 24. Qa3 Bxh3 25. Kxh3 Qe6+ 26. Kg2 Ng4 27. Ng1 Nxe3+
28. Kf2 Nc2 29. Qa2 e3+ 30. Ke2 Qg4+ 31. Kd3 Nxa1 32. Qxa1 Qxg3 33. Ne2 Qf3 34.
c4 Qe4+ 35. Kc3 dxc4 36. Nc1 Rd8 37. Kxc4 Rc8+ 38. Kb4 Qe7+ 39. Ka5 Rb8 40. Qc3
Qa7+ 41. Ba6 Qb6+ 42. Kxa4 Qxa6+ 43. Qa5 Qc4+ 44. Ka3 Qxc1+ 45. Ka4 Qa1# 0-1

[Event "AUTO-MASTER-1659"]
[Site "http://www.queenalice.com/game.php?id=1063474"]
[Date "2012.5.24"]
[Round "1"]
[White "Bruscato"]
[Black "berilag"]
[Result "1-0"]
[WhiteElo "2085"]
[BlackElo "1976"]

1. e4 e6 2. d4 c6 3. Bd3 Qc7 4. Ne2 d6 5. O-O Nd7 6. Be3 h6 7. c4 a6 8. Nbc3
Ngf6 9. Ng3 g6 10. f4 Bg7 11. e5 dxe5 12. fxe5 Nh7 13. c5 b6 14. cxb6 Nxb6 15.
Qc1 Bb7 16. Bxh6 O-O 17. Nh5 gxh5 18. Bxh7+ Kxh7 19. Bxg7 Kxg7 20. Qg5+ Kh7 21.
Rf6 1-0

[Event "AUTO-MASTER-1659"]
[Site "http://www.queenalice.com/game.php?id=1063475"]
[Date "2012.5.24"]
[Round "1"]
[White "berilag"]
[Black "ErasmudoPorto"]
[Result "0-1"]
[WhiteElo "1964"]
[BlackElo "2055"]

1. e4 e5 2. Qh5 Nc6 3. Bc4 g6 4. Qf3 Nf6 5. c3 d6 6. h3 Bg7 7. d3 O-O 8. Bg5 Qe7
9. Ne2 Be6 10. Bb5 Rab8 11. Bxc6 bxc6 12. b3 d5 13. Nd2 h6 14. Bxf6 Qxf6 15. Qe3
Rb7 16. Ng3 Qe7 17. O-O Qa3 18. d4 exd4 19. cxd4 Qb2 20. Nf3 dxe4 21. Nxe4 Bd5
22. Rfb1 Qc2 23. Ned2 c5 24. dxc5 Bxa1 25. Rxa1 c6 26. Qxh6 Re8 27. Ng5 Qxd2 28.
Qh7+ Kf8 29. Qh8+ Ke7 30. Qe5+ Kd8 31. Qf6+ Kc8 32. Nf3 Bxf3 33. Qxf3 Qd5 34.
Qc3 Rbe7 35. Qa5 Qd4 36. Rf1 Kb7 37. Qa3 Re1 38. Rxe1 Rxe1+ 39. Kh2 Qf4+ 0-1

[Event "AUTO-MASTER-1659"]
[Site "http://www.queenalice.com/game.php?id=1063476"]
[Date "2012.5.24"]
[Round "1"]
[White "ErasmudoPorto"]
[Black "berilag"]
[Result "1-0"]
[WhiteElo "1953"]
[BlackElo "1994"]

1. e4 e6 2. d4 c6 3. Bd3 Qc7 4. Ne2 d6 5. O-O Nd7 6. f4 Ngf6 7. c4 a6 8. Nbc3 h6
9. Ng3 g6 10. e5 dxe5 11. fxe5 Nh7 12. Qf3 Nb6 13. Nce4 Na4 14. c5 b6 15. Nd6+
Bxd6 16. cxd6 Qd7 17. Ne4 Bb7 18. b3 O-O-O 19. bxa4 h5 20. Rb1 b5 21. Nc5 Qe8
22. axb5 axb5 23. Bxb5 Ng5 24. Bxg5 Rd7 25. Bxc6 1-0